Interactions I. A speaking activities book
I tiakina i:
| Ngā kaituhi matua: | , |
|---|---|
| Hōputu: | Pukapuka |
| Reo: | Ingarihi |
| I whakaputaina: |
Nueva York
Random House
1987
|
| Putanga: | 1a. ed |
| Ngā marau: | |
| Ngā Tūtohu: |
Tāpirihia he Tūtohu
Kāore He Tūtohu, Me noho koe te mea tuatahi ki te tūtohu i tēnei pūkete!
|
MARC
| LEADER | 00000nam a2200000 a 4500 | ||
|---|---|---|---|
| 001 | UCI3064 | ||
| 003 | CL-VaPUC | ||
| 008 | 071012e19870000US |||||||||||||||||eng|d | ||
| 020 | |a 0394353889 | ||
| 082 | 0 | 4 | |a 428.3 |b KEL |2 21 |
| 100 | 0 | |a Keller, Deborah Poole |e author |9 524427 | |
| 700 | 0 | |a Thrush, Emity Austin |e author |9 524428 | |
| 245 | 1 | 0 | |a Interactions I. A speaking activities book |
| 250 | |a 1a. ed | ||
| 300 | |a 146 p | ||
| 942 | |c BK | ||
| 945 | |d 20071012 00:00:00 |a rbrito | ||
| 260 | |a Nueva York |b Random House |c 1987 | ||
| 650 | 0 | |a Enseñanza de idiomas |9 339820 | |
| 650 | 0 | |a Enseñanza del inglés |9 367340 | |
| 650 | 0 | |a Inglés |9 260023 | |
| 650 | 0 | |a Comprensión |9 339377 | |
| 650 | 0 | |a Lectura |9 307634 | |
| 583 | |a last modification |c 20071012 00:00:00 |k Rodrigo Vera | ||
| 999 | |c 327459 |d 327457 | ||
| 952 | |0 0 |1 0 |4 0 |6 428_300000000000000_KEL_1987 |7 0 |8 A |9 410308 |a BIBEDU |b BIBEDU |d 2019-11-22 |i 4376331 |o 428.3 KEL 1987 |p 4376331 |r 2019-11-22 |w 2019-11-22 |y BK |k LIT | ||